000 00402nam a2200097Ia 4500
008 180130s9999 xx 000 0 und d
245 _cRaja, S.V. Kasmir; Lopez, Daphne
_aDynamic task scheduling using service time error and virtual finish time
260 _c2016
300 _aBook title: Innovations in computer science and engineering--Acession number C20551; pages 194-201
650 _aCOMPUTER SCIENCE
999 _c353753
_d353753